|
|
|
|
| LEADER |
00000nam0a2200000 4500 |
| 001 |
182675 |
| 005 |
20231031171350.0 |
| 035 |
|
|
|a (RuTPU)RU\TPU\book\198021
|
| 090 |
|
|
|a 182675
|
| 100 |
|
|
|a 20100624d1955 km y0rusy50 ca
|
| 101 |
0 |
|
|a rus
|
| 102 |
|
|
|a RU
|
| 105 |
|
|
|a a z 011zb
|
| 200 |
1 |
|
|a Краткий очерк основ геометрии Лобачевского
|f П. А. Широков
|
| 210 |
|
|
|a Москва
|c Изд-во технико-теоретической литературы
|d 1955
|
| 215 |
|
|
|a 87 с.
|c ил.
|
| 300 |
|
|
|a К столетию со дня смерти Лобачевского
|
| 320 |
|
|
|a Библиогр. в тексте
|
| 330 |
|
|
|a Настоящая книга представляет собой очень сжатое, но тщательно выполненное изложение основ геометрии Лобачевского, и ее можно рекомендовать для первого ознакомления с замечательной геометрической системой, носящей имя ее творца. Для понимания первых шести глав достаточно знания элементарной математики. Для широкого круга читателей, желающих познакомиться с основами геометрии Лобачевского, в первую очередь для школьников старших классов и преподавателей математики средней школы.
|
| 600 |
|
1 |
|a Лобачевский
|g Николай Иванович
|c российский математик
|f 1792-1856
|b Н. И.
|2 stltpush
|3 (RuTPU)RU\TPU\pers\981
|
| 610 |
1 |
|
|a математика
|
| 610 |
1 |
|
|a геометрия Лобачевского
|
| 675 |
|
|
|a 513
|v 3
|
| 700 |
|
1 |
|a Широков
|b П. А.
|g Петр Александрович
|
| 801 |
|
1 |
|a RU
|b 63413507
|c 20100624
|
| 801 |
|
2 |
|a RU
|b 63413507
|c 20121019
|g RCR
|
| 942 |
|
|
|c BK
|